[Event "Terrassa op"]
[Site "Terrassa"]
[Date "1996.??.??"]
[Round "4"]
[White "Fernandez Diaz Mascort, Miguel"]
[Black "Losada Ferriz, Juan Manel"]
[Result "1/2-1/2"]
[WhiteElo "2225"]
[BlackElo "2135"]
[PlyCount "23"]
[EventDate "1996.07.??"]
[EventType "swiss"]
[EventRounds "9"]
[EventCountry "ESP"]
[SourceTitle "EXT 2002"]
[Source "ChessBase"]
[SourceDate "2001.11.25"]
[SourceVersion "1"]
[SourceVersionDate "2001.11.25"]
[SourceQuality "1"]

1. d4 d5 2. Nf3 Nf6 3. Bg5 Nbd7 4. e3 c6 5. c3 Qb6 6. Qb3 Qxb3 7. axb3 Ne4 8. Bf4 Ndf6 9. h3 e6 10. b4 b5 11. Nbd2 Nxd2 12. Nxd2 1/2-1/2

[Event "Terrassa op"]
[Site "Terrassa"]
[Date "1996.??.??"]
[Round "7"]
[White "Hernando Rodrigo, Inmaculada"]
[Black "Losada Ferriz, Juan Manel"]
[Result "1-0"]
[WhiteElo "2100"]
[BlackElo "2135"]
[PlyCount "125"]
[EventDate "1996.07.??"]
[EventType "swiss"]
[EventRounds "9"]
[EventCountry "ESP"]
[SourceTitle "EXT 2002"]
[Source "ChessBase"]
[SourceDate "2001.11.25"]
[SourceVersion "1"]
[SourceVersionDate "2001.11.25"]
[SourceQuality "1"]

1. e4 e5 2. Nf3 Nc6 3. Bb5 a6 4. Ba4 Nf6 5. Qe2 b5 6. Bb3 Be7 7. 0-0 0-0 8. a4 Bb7 9. axb5 axb5 10. Rxa8 Qxa8 11. Qxb5 Ba6 12. Qa4 Bxf1 13. Kxf1 Qxa4 14. Bxa4 Ra8 15. Nc3 Nxe4 16. b3 Nxc3 17. dxc3 e4 18. Nd4 Nxd4 19. cxd4 c6 20. Ke2 d5 21. Bxc6 Rc8 22. Bxd5 Rxc2+ 23. Kd1 Rxf2 24. Bxe4 Bd6 25. Bf3 Bxh2 26. Bd2 h6 27. Ke1 Bg3 28. Kd1 g5 29. b4 Kg7 30. b5 Kg6 31. b6 h5 32. b7 h4 33. Bc6 g4 34. Bb4 h3 35. gxh3 gxh3 36. d5 Rb2 37. Bc5 h2 38. d6 Rb5 39. d7 Bh4 40. Bd6 Rb6 41. b8Q Rxb8 42. Bxb8 Bd8 43. Bxh2 Kf5 44. Bd5 f6 45. Ke2 Kg4 46. Bd6 f5 47. Be6 Kg5 48. Kf3 Kf6 49. Bd5 Bb6 50. Bg3 Kg5 51. Bd6 Bd8 52. Bc6 Kf6 53. Kf4 Ke6 54. Bc5 Ba5 55. Kg5 Bd8+ 56. Kg6 Ke5 57. Kf7 Kf4 58. Be7 Ba5 59. Ke6 Kg4 60. Ke5 Bc7+ 61. Kd4 f4 62. Kd3 f3 63. d8Q 1-0

[Event "Terrassa op"]
[Site "Terrassa"]
[Date "1996.??.??"]
[Round "1"]
[White "Losada Ferriz, Juan Manel"]
[Black "Escanes Garcia, David"]
[Result "0-1"]
[WhiteElo "2135"]
[BlackElo "2160"]
[PlyCount "58"]
[EventDate "1996.07.??"]
[EventType "swiss"]
[EventRounds "9"]
[EventCountry "ESP"]
[SourceTitle "EXT 2002"]
[Source "ChessBase"]
[SourceDate "2001.11.25"]
[SourceVersion "1"]
[SourceVersionDate "2001.11.25"]
[SourceQuality "1"]

1. e4 e5 2. Nf3 Nf6 3. Nxe5 d6 4. Nf3 Nxe4 5. Qe2 Qe7 6. d3 Nf6 7. Bg5 Be6 8. Nd4 h6 9. Nxe6 fxe6 10. Bd2 Nc6 11. g3 Nd4 12. Qd1 0-0-0 13. c3 Nc6 14. Bg2 d5 15. 0-0 g5 16. Re1 e5 17. b4 e4 18. dxe4 dxe4 19. Bxe4 Nxe4 20. Qg4+ Kb8 21. Rxe4 Qf6 22. Re6 Qf7 23. b5 Bc5 24. Be3 h5 25. Qe4 Rd1+ 26. Kg2 Re1 27. Nd2 Bxe3 28. Rxe1 Qxf2+ 29. Kh3 g4+ 0-1

[Event "Catalunya-chT"]
[Site "Spain"]
[Date "1993.??.??"]
[Round "9"]
[White "Losada Ferriz, Juan Manel"]
[Black "Baigorri Navarro, Francisco Javier"]
[Result "0-1"]
[WhiteElo "2090"]
[BlackElo "2200"]
[PlyCount "52"]
[EventDate "1993.??.??"]
[EventType "team"]
[EventRounds "9"]
[EventCountry "ESP"]
[SourceTitle "EXT 2019"]
[Source "ChessBase"]
[SourceDate "2018.10.10"]
[SourceVersion "1"]
[SourceVersionDate "2018.10.10"]
[SourceQuality "1"]

1. e4 c5 2. Nf3 Nc6 3. d4 cxd4 4. Nxd4 Nf6 5. Nc3 e6 6. Nb3 d6 7. Be2 Be7 8. 0-0 0-0 9. Be3 a6 10. a4 b6 11. f4 Qc7 12. Bf3 Rb8 13. Qe1 Na5 14. Nxa5 bxa5 15. Qc1 Rb4 16. Na2 Rc4 17. c3 d5 18. b3 Rc6 19. e5 Ne4 20. Bxe4 dxe4 21. Qc2 f5 22. exf6 Bxf6 23. Rac1 Rd8 24. Qe2 Bxc3 25. Nxc3 Rxc3 26. b4 axb4 0-1